000 00317nam a2200133Ia 4500
008 100328s9999 xx 000 0 und d
082 _b49345
100 _aपाडगावकर मंगेश
245 _aगझल.
260 _bमौज
630 _aगझल.
730 _aगझल.
942 _cBOOK
999 _c536763
_d536760